[Event "Portugal Open 2018"]
[Site "Lisboa POR"]
[Date "2018.02.04"]
[Round "2.31"]
[White "Gomez Ledo, Roberto Carlos"]
[Black "Cuevas Fernandez, José Alberto"]
[Result "1-0"]
[WhiteElo "2442"]
[BlackElo "2128"]
[WhiteFideId "3507076"]
[BlackFideId "2288150"]
[WhiteTitle "IM"]
[WhiteCountry "CUB"]
[BlackCountry "ESP"]
[PlyCount "39"]

1. d4 Nf6 2. Bf4 d5 3. e3 c5 4. c3 Nc6 5. Nd2 e6 6. Ngf3 Bd6 7. Bg3 O-O 8. Bd3
h6 9. Qe2 Re8 10. Ne5 Qe7 11. e4 Nd7 12. Nxd7 cxd4 13. e5 dxc3 14. bxc3 Ba3 15.
Nf6+ gxf6 16. Qg4+ Kh8 17. Qh5 f5 18. Bf4 Qf8 19. Bxh6 Qg8 20. Bf8+ 1-0

[Event "Portugal Open 2018"]
[Site "Lisboa POR"]
[Date "2018.02.04"]
[Round "2.32"]
[White "Dantas, Carlos"]
[Black "Fröwis, Georg"]
[Result "0-1"]
[WhiteElo "2129"]
[BlackElo "2428"]
[WhiteFideId "1900757"]
[BlackFideId "1618423"]
[WhiteTitle "NM"]
[BlackTitle "IM"]
[WhiteCountry "POR"]
[BlackCountry "AUT"]
[PlyCount "80"]

1. e4 d5 2. exd5 Qxd5 3. Nc3 Qd6 4. d4 Nf6 5. Bc4 a6 6. Nge2 Qc6 7. Bb3 Qxg2 8.
Rg1 Qh3 9. Bf4 g6 10. Bxc7 Bh6 11. Na4 Nbd7 12. Ng3 b5 13. Nc3 Bb7 14. d5 O-O
15. Nce2 Nc5 16. Bf4 Nxb3 17. axb3 Nxd5 18. Bxh6 Qxh6 19. c4 Nb4 20. Nf5 Qh3 21.
Nxe7+ Kg7 22. Rg3 Qe6 23. Re3 Qf6 24. Qd2 a5 25. Nc3 Rfe8 26. Ned5 Bxd5 27. Nxd5
Nxd5 28. cxd5 Rxe3+ 29. fxe3 Qf3 30. Qd4+ Kg8 31. Rd1 Rc8 32. Qf4 Qh1+ 33. Qf1
Qxh2 34. d6 Rc2 35. Rd4 Rc1+ 36. Rd1 Qc2 37. Qf3 Rxd1+ 38. Qxd1 Qxd1+ 39. Kxd1
Kf8 40. e4 f6 0-1

[Event "Portugal Open 2018"]
[Site "Lisboa POR"]
[Date "2018.02.03"]
[Round "2.33"]
[White "Campora, Daniel"]
[Black "Guerra, Vítor"]
[Result "1-0"]
[WhiteElo "2426"]
[BlackElo "2113"]
[WhiteFideId "100013"]
[BlackFideId "1901095"]
[WhiteTitle "GM"]
[BlackTitle "NM"]
[WhiteCountry "ARG"]
[BlackCountry "POR"]
[PlyCount "103"]
[EventDate "2018.??.??"]

1. e4 c5 2. Nf3 e6 3. d4 cxd4 4. Nxd4 a6 5. g3 Nc6 6. Bg2 Qc7 7. O-O Nf6 8. Nc3
Be7 9. a4 O-O 10. Be3 d6 11. h3 Re8 12. Nb3 b6 13. f4 Bb7 14. g4 Bf8 15. g5 Nd7
16. h4 g6 17. h5 Rac8 18. hxg6 hxg6 19. Rf2 Nb4 20. a5 d5 21. Qd2 dxe4 22. Nxe4
Bxe4 23. Bxe4 Nd5 24. Bxd5 exd5 25. Bd4 Re4 26. axb6 Nxb6 27. Qa5 Rxf4 28. Qxb6
Rg4+ 29. Rg2 Rxg2+ 30. Kxg2 Qxc2+ 31. Kg1 Rc6 32. Rc1 Rxb6 33. Rxc2 Rxb3 34. Rc8
Rb5 35. Bf6 Rb7 36. Kf2 d4 37. Bxd4 f6 38. gxf6 Kf7 39. Ke3 a5 40. Ke4 Rb5 41.
Rc7+ Ke6 42. Rc6+ Kf7 43. Be5 Rb4+ 44. Bd4 Rb5 45. Rc8 Rh5 46. Be5 Rh1 47. Kd5
Rd1+ 48. Bd4 Bh6 49. Rc7+ Ke8 50. Ke6 Kd8 51. Be5 Rd2 52. Rh7 1-0

[Event "Portugal Open 2018"]
[Site "Lisboa POR"]
[Date "2018.02.03"]
[Round "2.34"]
[White "Gonzalez Pruneda, Arturo"]
[Black "Radovanovic, Mihajlo"]
[Result "0-1"]
[WhiteElo "2126"]
[BlackElo "2422"]
[WhiteFideId "2256860"]
[BlackFideId "940313"]
[BlackTitle "IM"]
[WhiteCountry "ESP"]
[BlackCountry "SRB"]
[PlyCount "64"]
[EventDate "2018.??.??"]

1. e4 c5 2. Nf3 d6 3. d4 cxd4 4. Nxd4 Nf6 5. Nc3 a6 6. Be2 Nbd7 7. O-O g6 8. Be3
Bg7 9. Qd2 O-O 10. Rad1 Re8 11. Nb3 b5 12. a4 b4 13. Nd5 a5 14. Nxf6+ Nxf6 15.
e5 Ng4 16. exd6 Nxe3 17. Qxe3 exd6 18. Rxd6 Qxd6 19. Qxe8+ Qf8 20. Qxf8+ Kxf8
21. Rd1 Bf5 22. Bd3 Be6 23. Nc5 Bxb2 24. Nxe6+ fxe6 25. Be4 Rc8 26. Kf1 Ke7 27.
Ke2 Be5 28. Rb1 Bd4 29. Rd1 e5 30. f4 Rc3 31. Bd3 e4 32. Bb5 Rxc2+ 0-1

[Event "Portugal Open 2018"]
[Site "Lisboa POR"]
[Date "2018.02.03"]
[Round "2.35"]
[White "Yurtseven, Melih"]
[Black "Gavrish, Leonid"]
[Result "1-0"]
[WhiteElo "2415"]
[BlackElo "2110"]
[WhiteFideId "6312160"]
[BlackFideId "14110040"]
[WhiteTitle "FM"]
[WhiteCountry "TUR"]
[BlackCountry "UKR"]
[PlyCount "83"]
[EventDate "2018.??.??"]

1. Nf3 Nf6 2. c4 c5 3. Nc3 g6 4. g3 Bg7 5. Bg2 O-O 6. d4 cxd4 7. Qxd4 Nc6 8. Qh4
d6 9. O-O Bf5 10. Bh6 Bxh6 11. Qxh6 Ng4 12. Qf4 e5 13. Qd2 Be6 14. b3 Qe7 15.
Rad1 Rad8 16. h3 Nf6 17. Qh6 Rfe8 18. Ng5 Qf8 19. Qh4 h6 20. Nge4 Nxe4 21. Nxe4
f5 22. Nf6+ Kg7 23. Nxe8+ Qxe8 24. Bxc6 bxc6 25. c5 d5 26. Qa4 f4 27. Kh2 g5 28.
f3 Qh5 29. g4 Qh4 30. Rg1 Qf2+ 31. Rg2 Qxc5 32. b4 Qb6 33. Rc1 Rd6 34. Rc5 a6
35. Qa3 Kf6 36. Rg1 Rd8 37. Qb2 Rb8 38. Qc2 Qxb4 39. Rxc6 e4 40. Rxa6 Qd4 41.
Rxe6+ Kxe6 42. Qc6+ 1-0

[Event "Portugal Open 2018"]
[Site "Lisboa POR"]
[Date "2018.02.03"]
[Round "2.36"]
[White "Cruz, Jorge"]
[Black "Bulmaga, Irina"]
[Result "0-1"]
[WhiteElo "2113"]
[BlackElo "2411"]
[WhiteFideId "1903977"]
[BlackFideId "13903063"]
[BlackTitle "IM"]
[WhiteCountry "POR"]
[BlackCountry "ROU"]
[PlyCount "72"]
[EventDate "2018.??.??"]

1. e4 c5 2. Nf3 a6 3. Nc3 d6 4. d4 cxd4 5. Nxd4 Nf6 6. a4 e5 7. Nb3 Be7 8. Be2
Be6 9. O-O O-O 10. Bf3 Nbd7 11. Re1 Rc8 12. Nd2 h6 13. Nf1 Rc4 14. Bd2 Nc5 15.
b3 Rd4 16. Ne2 Rxe4 17. Bxe4 Ncxe4 18. Nc3 d5 19. Nxe4 Nxe4 20. Ng3 Nxd2 21.
Qxd2 Qc7 22. c4 dxc4 23. bxc4 f5 24. Rab1 e4 25. Qb2 Bc5 26. Qxb7 Bxf2+ 27. Kxf2
Qc5+ 28. Kf1 f4 29. Nxe4 Bxc4+ 30. Re2 Qe3 31. Rbb2 f3 32. gxf3 Qxf3+ 33. Ke1
Qf1+ 34. Kd2 Qxe2+ 35. Kc3 Qd3+ 36. Kb4 Bd5 0-1

[Event "Portugal Open 2018"]
[Site "Lisboa POR"]
[Date "2018.02.03"]
[Round "2.37"]
[White "Sousa, André V"]
[Black "Zemlickova, Olena"]
[Result "1-0"]
[WhiteElo "2405"]
[BlackElo "2090"]
[WhiteFideId "1917617"]
[BlackFideId "14105560"]
[WhiteTitle "IM"]
[BlackTitle "WIM"]
[WhiteCountry "POR"]
[BlackCountry "UKR"]
[PlyCount "71"]
[EventDate "2018.??.??"]

1. e4 e5 2. Nf3 Nc6 3. Bb5 g6 4. c3 a6 5. Ba4 d6 6. d4 Bd7 7. O-O Bg7 8. Re1 Qe7
9. dxe5 dxe5 10. Bg5 Nf6 11. c4 h6 12. Bxf6 Qxf6 13. Nc3 Qe6 14. Nd5 Rc8 15. Qb3
b6 16. Qa3 Bf8 17. Qc3 Bg7 18. c5 b5 19. Bb3 Qg4 20. h3 Qh5 21. Nf4 exf4 22.
Qxg7 Rf8 23. Qf6 Qxc5 24. Rad1 Qe7 25. Qxf4 g5 26. Qe3 Be6 27. Bd5 Nd8 28. Nd4
Qd6 29. Qc3 Qe5 30. Qc5 Qd6 31. Qc2 Qe5 32. Nf5 Rh8 33. Qc5 Qf6 34. g4 c6 35. e5
cxd5 36. Nd6+ 1-0

[Event "Portugal Open 2018"]
[Site "Lisboa POR"]
[Date "2018.02.03"]
[Round "2.38"]
[White "Leão, Tiago"]
[Black "Luch, Michal"]
[Result "0-1"]
[WhiteElo "2099"]
[BlackElo "2396"]
[WhiteFideId "1925563"]
[BlackFideId "1120042"]
[BlackTitle "IM"]
[WhiteCountry "POR"]
[BlackCountry "POL"]
[PlyCount "70"]
[EventDate "2018.??.??"]

1. e4 c5 2. Nf3 e6 3. d4 cxd4 4. Nxd4 Nc6 5. Be3 Nf6 6. Bd3 d5 7. exd5 Nxd5 8.
Nxc6 bxc6 9. O-O Nxe3 10. fxe3 Qc7 11. Nd2 Bd6 12. Qh5 g6 13. Qh6 Bf8 14. Qg5
Bg7 15. Qc5 Be5 16. Nc4 Bxh2+ 17. Kh1 Ba6 18. Rf3 Bxc4 19. Bxc4 Bd6 20. Qg5 Qe7
21. Qh6 Qf8 22. Qh4 Qg7 23. Qe4 O-O 24. Rd1 Be5 25. Qh4 g5 26. Qh5 Qg6 27. Qxg6+
hxg6 28. Rd7 Bxb2 29. e4 Be5 30. Rfd3 Rab8 31. Bb3 a5 32. g4 Rb4 33. Ra7 Rxe4
34. Rxa5 Kg7 35. Rd7 Rxg4 0-1

[Event "Portugal Open 2018"]
[Site "Lisboa POR"]
[Date "2018.02.03"]
[Round "2.39"]
[White "Klasan, Vladimir"]
[Black "Ribeiro, José"]
[Result "1-0"]
[WhiteElo "2381"]
[BlackElo "2064"]
[WhiteFideId "934054"]
[BlackFideId "1901796"]
[WhiteTitle "IM"]
[WhiteCountry "SRB"]
[BlackCountry "POR"]
[PlyCount "99"]
[EventDate "2018.??.??"]

1. e4 e5 2. Nf3 Nc6 3. Bb5 a6 4. Ba4 Nf6 5. d3 b5 6. Bb3 h6 7. O-O d6 8. c3 Be7
9. d4 exd4 10. cxd4 Bg4 11. Be3 Na5 12. e5 dxe5 13. Bxf7+ Kf8 14. Bg6 e4 15. h3
exf3 16. hxg4 fxg2 17. Re1 Qd7 18. Bf5 Qd6 19. Nd2 h5 20. Qf3 Qh2+ 21. Kxh2
hxg4+ 22. Kxg2 gxf3+ 23. Nxf3 Nc4 24. Rh1 Rxh1 25. Rxh1 Nxe3+ 26. fxe3 Ng8 27.
Rh8 g6 28. Bxg6 Kg7 29. Be4 Kxh8 30. Bxa8 c5 31. dxc5 Bxc5 32. e4 Ne7 33. Kg3
Kg7 34. Kf4 Kf6 35. e5+ Ke6 36. Ke4 a5 37. Bd5+ Kd7 38. Nd4 b4 39. Bb3 Bb6 40.
Ba4+ Kc7 41. Ne6+ Kc8 42. Nf8 Bf2 43. Nd7 Kc7 44. Nf6 Kd8 45. Ne8 Bg3 46. Nd6
Ng6 47. Nc4 Bh2 48. Kf5 Nh4+ 49. Kf6 Bg1 50. Nxa5 1-0

[Event "Portugal Open 2018"]
[Site "Lisboa POR"]
[Date "2018.02.03"]
[Round "2.40"]
[White "Martins, André"]
[Black "Mihajlov, Sebastian"]
[Result "0-1"]
[WhiteElo "2068"]
[BlackElo "2378"]
[WhiteFideId "1924281"]
[BlackFideId "1512110"]
[BlackTitle "IM"]
[WhiteCountry "POR"]
[BlackCountry "NOR"]
[PlyCount "110"]
[EventDate "2018.??.??"]

1. e4 e6 2. d4 d5 3. Nc3 Nf6 4. e5 Nfd7 5. f4 c5 6. Nf3 Nc6 7. Be3 h6 8. h4 a6
9. a3 b5 10. Qd2 Qa5 11. Ra2 Qb6 12. Ne2 b4 13. axb4 cxb4 14. b3 a5 15. Kf2 Be7
16. h5 Ba6 17. Ng3 f6 18. Bd3 O-O-O 19. Rc1 Kb7 20. Ne2 Rc8 21. Rca1 Rhf8 22.
Kg1 Qa7 23. Nc1 Bd8 24. Bxa6+ Qxa6 25. Nd3 Bb6 26. Kh1 Qa7 27. Bg1 fxe5 28. fxe5
Rf5 29. Nf4 Re8 30. g3 Ndb8 31. Rf1 Na6 32. Qd3 Nc7 33. Raa1 Qa6 34. Rad1 Nb5
35. Nxe6 Rxh5+ 36. Kg2 Rxe6 37. Qh7 Nc3 38. Rd3 Re7 39. g4 Rg5 40. Nxg5 hxg5 41.
Qg8 a4 42. bxa4 Qxa4 43. Rf2 Nd8 44. Rdf3 Qd7 45. Rxc3 bxc3 46. Rf5 Ne6 47. Be3
Qe8 48. Qxe8 Rxe8 49. Bxg5 Nxd4 50. Rf7+ Kc6 51. Rxg7 Rxe5 52. Bf6 Re2+ 53. Kf1
Rxc2 54. Rg6 Kb5 55. Bg5 Nf3 0-1

[Event "Portugal Open 2018"]
[Site "Lisboa POR"]
[Date "2018.02.03"]
[Round "2.41"]
[White "Haria, Ravi"]
[Black "Pereira, Fernando Melão"]
[Result "1-0"]
[WhiteElo "2376"]
[BlackElo "2043"]
[WhiteFideId "415820"]
[BlackFideId "1900153"]
[WhiteTitle "IM"]
[BlackTitle "NM"]
[WhiteCountry "ENG"]
[BlackCountry "POR"]
[PlyCount "87"]
[EventDate "2018.??.??"]

1. Nf3 Nf6 2. g3 b6 3. Bg2 Bb7 4. c4 e6 5. O-O Be7 6. b3 O-O 7. Bb2 d5 8. cxd5
Nxd5 9. d4 Nd7 10. Re1 N5f6 11. Nc3 Ne4 12. Qc2 Nxc3 13. Bxc3 Nf6 14. e4 h6 15.
Rad1 c6 16. Ne5 Qc7 17. Bd2 Rac8 18. Nc4 Rfd8 19. Bf4 Qd7 20. a4 Qe8 21. Re2 Nh5
22. Bc1 Nf6 23. Ba3 Ba6 24. Bxe7 Qxe7 25. Red2 Bxc4 26. Qxc4 c5 27. e5 Nd7 28.
Qe2 cxd4 29. Rxd4 Nc5 30. Rd6 Rxd6 31. exd6 Qd7 32. Qe3 Rd8 33. h4 Nb7 34. Bxb7
Qxb7 35. Qd4 Qc6 36. Kh2 f6 37. Rd2 Kf7 38. Qd3 Rd7 39. h5 f5 40. Qd4 Qc5 41.
Qf4 Kf6 42. b4 e5 43. Qh4+ Ke6 44. bxc5 1-0

[Event "Portugal Open 2018"]
[Site "Lisboa POR"]
[Date "2018.02.03"]
[Round "2.42"]
[White "Nikanova, Ekaterina"]
[Black "Rocha, Sérgio"]
[Result "0-1"]
[WhiteElo "2048"]
[BlackElo "2371"]
[WhiteFideId "13506374"]
[BlackFideId "1900404"]
[BlackTitle "IM"]
[WhiteCountry "BLR"]
[BlackCountry "POR"]
[PlyCount "76"]
[EventDate "2018.??.??"]

1. e4 c5 2. c3 d6 3. d4 Nf6 4. f3 Nbd7 5. Be3 e6 6. Qd2 Be7 7. Ne2 b6 8. g4 h6
9. Bg2 Bb7 10. O-O g5 11. Ng3 Nf8 12. b4 Ng6 13. Na3 Qc7 14. Nh5 Nxh5 15. gxh5
Nh4 16. bxc5 dxc5 17. dxc5 Bxc5 18. Bxc5 Qxc5+ 19. Qd4 Rc8 20. Nb5 Ke7 21. Nxa7
Rc7 22. Nb5 Rd8 23. Qxc5+ Rxc5 24. a4 Ba6 25. Rfd1 Rxd1+ 26. Rxd1 Bxb5 27. axb5
Rxc3 28. Rf1 Rb3 29. f4 Rxb5 30. Bh3 gxf4 31. Rxf4 Rxh5 32. Bf1 Ng6 33. Rf3 Re5
34. Rb3 Rxe4 35. Rxb6 Ne5 36. Rb7+ Kf6 37. Kf2 Rf4+ 38. Kg2 Ng4 0-1

[Event "Portugal Open 2018"]
[Site "Lisboa POR"]
[Date "2018.02.03"]
[Round "2.43"]
[White "Öztürk, Kubra"]
[Black "Mendes, Modeste"]
[Result "1-0"]
[WhiteElo "2353"]
[BlackElo "2039"]
[WhiteFideId "6302599"]
[BlackFideId "1925920"]
[WhiteTitle "WGM"]
[WhiteCountry "TUR"]
[BlackCountry "POR"]
[PlyCount "103"]
[EventDate "2018.??.??"]

1. d4 e6 2. c4 d5 3. g3 Nf6 4. Bg2 Nc6 5. Nf3 Be7 6. O-O O-O 7. Nbd2 Ne4 8. e3
Nxd2 9. Bxd2 a5 10. Rc1 Nb4 11. c5 b6 12. cxb6 cxb6 13. a3 Nd3 14. Rb1 Ba6 15.
Bc3 Rc8 16. Qd2 Qc7 17. Rfd1 e5 18. Nxe5 Nxe5 19. dxe5 Bxa3 20. Bxd5 Be7 21. e4
Kh8 22. Rbc1 Qd7 23. Qf4 Bc5 24. Qg5 Qe7 25. Qxe7 Bxe7 26. Bd4 b5 27. f4 Kg8 28.
e6 f6 29. Kf2 Rxc1 30. Rxc1 Rc8 31. Rxc8+ Bxc8 32. f5 a4 33. Bc6 Ba6 34. e5 b4
35. Bxa4 Bd3 36. g4 fxe5 37. Bxe5 Bc5+ 38. Kf3 Kf8 39. Kf4 h6 40. h4 Bc4 41. g5
hxg5+ 42. Kxg5 Be7+ 43. Kg6 Bxh4 44. Bxg7+ Ke7 45. Bd7 Bd3 46. Bh6 Bg3 47. Bg5+
Kd6 48. Bc8 Bb5 49. f6 Bd3+ 50. Kh6 Kc7 51. f7 Bd6 52. e7 1-0

[Event "Portugal Open 2018"]
[Site "Lisboa POR"]
[Date "2018.02.03"]
[Round "2.44"]
[White "Plasil, Petr"]
[Black "Kerigan, Demre"]
[Result "0-1"]
[WhiteElo "2042"]
[BlackElo "2350"]
[WhiteFideId "359360"]
[BlackFideId "6307841"]
[BlackTitle "IM"]
[WhiteCountry "CZE"]
[BlackCountry "TUR"]
[PlyCount "68"]
[EventDate "2018.??.??"]

1. d4 Nf6 2. c4 g6 3. Nc3 Bg7 4. e4 d6 5. f4 c5 6. d5 O-O 7. Nf3 e6 8. Be2 exd5
9. cxd5 Bg4 10. O-O Bxf3 11. Bxf3 Nbd7 12. Be3 Re8 13. Re1 b5 14. e5 dxe5 15.
fxe5 Rxe5 16. Nxb5 Qb6 17. Na3 Qb4 18. Rb1 Rae8 19. Bf2 Qf4 20. Qc1 Rxe1+ 21.
Bxe1 Nxd5 22. Nb5 Qxc1 23. Rxc1 Bxb2 24. Rd1 N7b6 25. Bf2 Ne3 26. Rb1 Bd4 27.
Nxa7 Nbc4 28. Nc6 Nd2 29. Re1 Nxf3+ 30. gxf3 f5 31. Nxd4 cxd4 32. a4 f4 33. Ra1
d3 34. Ra2 Nc2 0-1

[Event "Portugal Open 2018"]
[Site "Lisboa POR"]
[Date "2018.02.03"]
[Round "2.45"]
[White "Rupérez Benito, Antonio"]
[Black "Fernandes, Miguel"]
[Result "1-0"]
[WhiteElo "2348"]
[BlackElo "2036"]
[WhiteFideId "22245049"]
[BlackFideId "1920456"]
[WhiteTitle "FM"]
[WhiteCountry "ESP"]
[BlackCountry "POR"]
[PlyCount "75"]
[EventDate "2018.??.??"]

1. e4 d5 2. exd5 Qxd5 3. Nc3 Qd6 4. d4 Nf6 5. Nf3 g6 6. Ne5 Bg7 7. Bc4 O-O 8.
O-O Nc6 9. Nb5 Qd8 10. Bg5 Ne4 11. Bf4 Nd6 12. Nxd6 cxd6 13. Nxc6 bxc6 14. c3
Qb6 15. Qe2 Bf6 16. Rab1 Bf5 17. Rbd1 Rfe8 18. Rfe1 a5 19. g4 Bd7 20. Rd2 e5 21.
dxe5 Bxe5 22. Bxf7+ Kxf7 23. Bxe5 Rxe5 24. Qf3+ Ke7 25. Rxe5+ dxe5 26. Qh3 Be6
27. Qh4+ g5 28. Qxg5+ Kf7 29. Qh5+ Kg7 30. Qxe5+ Kf7 31. Qh5+ Kg8 32. Qg5+ Kf7
33. Qh5+ Kg8 34. Rd6 Rf8 35. Qg5+ Kf7 36. Qe5 Bxg4 37. Rf6+ Kg8 38. Qg5+ 1-0

[Event "Portugal Open 2018"]
[Site "Lisboa POR"]
[Date "2018.02.03"]
[Round "2.46"]
[White "Dumont, André"]
[Black "Martín Duque, Jesus"]
[Result "0-1"]
[WhiteElo "2019"]
[BlackElo "2346"]
[WhiteFideId "201910"]
[BlackFideId "2208954"]
[BlackTitle "FM"]
[WhiteCountry "BEL"]
[BlackCountry "ESP"]
[PlyCount "58"]
[EventDate "2018.??.??"]

1. Nf3 Nf6 2. d4 e6 3. e3 d5 4. Be2 b6 5. O-O Bb7 6. b3 Bd6 7. Bb2 O-O 8. Nbd2
Nbd7 9. c4 Qe7 10. Ne5 a5 11. a3 c5 12. a4 cxd4 13. exd4 Rac8 14. Re1 Rfd8 15.
Nxd7 Qxd7 16. Bd3 Qc7 17. Nf3 dxc4 18. bxc4 Bxf3 19. Qxf3 Bxh2+ 20. Kh1 Qf4 21.
Qh3 Qxf2 22. Re2 Qg3 23. Qxg3 Bxg3 24. d5 exd5 25. Bxf6 gxf6 26. cxd5 Rxd5 27.
Bb5 Kf8 28. Rf1 Rh5+ 29. Kg1 Bh2+ 0-1

[Event "Portugal Open 2018"]
[Site "Lisboa POR"]
[Date "2018.02.03"]
[Round "2.47"]
[White "Alshameary Puente, Ismael"]
[Black "Kersten, Julian"]
[Result "1-0"]
[WhiteElo "2339"]
[BlackElo "2032"]
[WhiteFideId "2225166"]
[BlackFideId "1628542"]
[WhiteTitle "FM"]
[WhiteCountry "ESP"]
[BlackCountry "AUT"]
[PlyCount "67"]
[EventDate "2018.??.??"]

1. d4 Nf6 2. c4 g6 3. Nf3 Bg7 4. g3 O-O 5. Bg2 d6 6. O-O c6 7. Nc3 Qa5 8. e4 e5
9. d5 cxd5 10. cxd5 b5 11. Nd2 b4 12. Nb3 Qd8 13. Nb1 a5 14. a4 Ba6 15. Re1 Nbd7
16. Be3 Rc8 17. N1d2 Nc5 18. Nxc5 dxc5 19. Rc1 c4 20. Bf1 c3 21. Bxa6 cxd2 22.
Bxd2 Rxc1 23. Qxc1 Qb6 24. Qc4 Ng4 25. Re2 f5 26. h3 Nf6 27. exf5 gxf5 28. Be3
Qd8 29. Qc6 Kh8 30. d6 Rf7 31. Bb6 Qd7 32. Bb5 Qxc6 33. Bxc6 Bf8 34. Rd2 1-0

[Event "Portugal Open 2018"]
[Site "Lisboa POR"]
[Date "2018.02.03"]
[Round "2.48"]
[White "Andias, João"]
[Black "To, Nhat Minh"]
[Result "0-1"]
[WhiteElo "2015"]
[BlackElo "2338"]
[WhiteFideId "1900862"]
[BlackFideId "729019"]
[BlackTitle "IM"]
[WhiteCountry "POR"]
[BlackCountry "HUN"]
[PlyCount "86"]
[EventDate "2018.??.??"]

1. e4 Nf6 2. d3 e5 3. Nf3 Nc6 4. g3 d5 5. Nbd2 Bc5 6. Bg2 O-O 7. O-O Re8 8. exd5
Nxd5 9. Ng5 Qxg5 10. Bxd5 Bg4 11. Bf3 Bxf3 12. Qxf3 Nd4 13. Qd1 Qg6 14. Nb3 Qc6
15. Nxd4 Bxd4 16. c3 Bb6 17. Be3 Rad8 18. Qc2 e4 19. d4 Bxd4 20. Rad1 Bxe3 21.
fxe3 Qc4 22. b3 Qe6 23. Rf4 f5 24. Rdf1 g6 25. g4 Qb6 26. Qf2 Rd3 27. Re1 Qf6
28. c4 Re5 29. Kh1 Rd7 30. Rf1 Rf7 31. Rd1 Kg7 32. Qb2 g5 33. Rf2 f4 34. Qd4 b6
35. h4 h6 36. Rdf1 Re6 37. Qd5 f3 38. hxg5 hxg5 39. Rh2 c6 40. Qd2 Rd6 41. Qf2
Rfd7 42. Rh5 Rd1 43. Rxd1 Rxd1+ 0-1

[Event "Portugal Open 2018"]
[Site "Lisboa POR"]
[Date "2018.02.03"]
[Round "2.49"]
[White "Boricsev, Oleg"]
[Black "Mikalsen, Harald"]
[Result "1-0"]
[WhiteElo "2328"]
[BlackElo "2026"]
[WhiteFideId "720500"]
[BlackFideId "1511564"]
[WhiteTitle "IM"]
[WhiteCountry "HUN"]
[BlackCountry "NOR"]
[PlyCount "87"]
[EventDate "2018.??.??"]

1. e4 e5 2. Nf3 Nc6 3. Bc4 Be7 4. d4 exd4 5. Nxd4 Nf6 6. Nxc6 dxc6 7. Qxd8+ Bxd8
8. O-O O-O 9. f3 Re8 10. Nc3 Be7 11. Bf4 Bd6 12. Bxd6 cxd6 13. Rad1 Be6 14. Bxe6
Rxe6 15. Rd4 Kf8 16. Rfd1 Rd8 17. Ne2 g5 18. c4 h6 19. Kf2 Ne8 20. Ng3 Re5 21.
Nf5 h5 22. Nxd6 Nxd6 23. Rxd6 Rxd6 24. Rxd6 Ke7 25. Rd2 b5 26. Ke3 a5 27. Kd4
Ke6 28. c5 f5 29. Rd3 g4 30. Ra3 a4 31. b3 axb3 32. axb3 gxf3 33. gxf3 fxe4 34.
fxe4 Rg5 35. Ra6 Kd7 36. Ra7+ Kd8 37. Rh7 Kc8 38. b4 Rg2 39. Rxh5 Rc2 40. Ke5
Rc4 41. Kd6 Rxb4 42. Kxc6 Kd8 43. Rh8+ Ke7 44. Kb7 1-0

[Event "Portugal Open 2018"]
[Site "Lisboa POR"]
[Date "2018.02.03"]
[Round "2.50"]
[White "Zemlicka, Vit"]
[Black "Veiga, Francisco"]
[Result "0-1"]
[WhiteElo "2015"]
[BlackElo "2320"]
[WhiteFideId "303143"]
[BlackFideId "1930087"]
[BlackTitle "FM"]
[WhiteCountry "CZE"]
[BlackCountry "POR"]
[PlyCount "68"]
[EventDate "2018.??.??"]

1. e4 c5 2. Nf3 Nc6 3. d4 cxd4 4. Nxd4 g6 5. Nc3 Bg7 6. Be3 Nf6 7. Bc4 O-O 8.
Bb3 d6 9. f3 Bd7 10. Qd2 Rc8 11. O-O-O Ne5 12. Kb1 Re8 13. h4 h5 14. Bh6 Bh8 15.
g4 Nc4 16. Bxc4 Rxc4 17. gxh5 Nxh5 18. Nde2 Qa5 19. Rhg1 Rec8 20. Rg5 Qb6 21. e5
Kh7 22. Rdg1 Bxe5 23. Rxe5 dxe5 24. Be3 Qd6 25. Qe1 Bf5 26. Ng3 Nxg3 27. Qxg3
Rxc3 28. bxc3 Rxc3 29. h5 Rxe3 30. hxg6+ Bxg6 31. Qh4+ Kg8 32. Rh1 Bxc2+ 33.
Kxc2 Re2+ 34. Kb1 Qd3+ 0-1

[Event "Portugal Open 2018"]
[Site "Lisboa POR"]
[Date "2018.02.03"]
[Round "2.51"]
[White "Colijn, Stefan"]
[Black "Lopez De Turiso, José Angel"]
[Result "1-0"]
[WhiteElo "2311"]
[BlackElo "2019"]
[WhiteFideId "1016199"]
[BlackFideId "2207680"]
[WhiteTitle "FM"]
[WhiteCountry "NED"]
[BlackCountry "ESP"]
[PlyCount "139"]
[EventDate "2018.??.??"]

1. d4 d5 2. Nf3 e6 3. Bf4 Nf6 4. e3 c5 5. c3 Nc6 6. Nbd2 cxd4 7. exd4 Nh5 8. Be3
f5 9. Ne5 Nf6 10. Ndf3 Bd6 11. Bb5 Qc7 12. g3 O-O 13. Nd3 Bd7 14. O-O Ne4 15.
Bf4 Be8 16. Bxd6 Qxd6 17. Bxc6 Bxc6 18. Nfe5 Bb5 19. f3 Bxd3 20. Qxd3 Nf6 21.
Rfe1 Rfe8 22. Qd2 Re7 23. Re2 Rae8 24. Rae1 Qa6 25. a3 Qd6 26. Qg5 Qa6 27. Kg2
Nd7 28. Nxd7 Rxd7 29. g4 fxg4 30. Qxg4 Rde7 31. f4 Qd6 32. Re5 Qd7 33. Kg3 Qd6
34. R1e3 Qd7 35. Qe2 Kf7 36. Kf2 b5 37. h4 a6 38. h5 h6 39. Qg4 Kg8 40. Kg3 Qd6
41. Qg6 Qd7 42. Qg4 Qd6 43. Kf2 Kf7 44. Ke1 Kg8 45. Kd2 Qd7 46. Qg6 Kh8 47. Kc1
Kg8 48. Kb1 Kh8 49. Qg4 Kg8 50. Qe2 Kf7 51. Rg3 Kg8 52. Rg6 Kh7 53. f5 exf5 54.
Rxa6 f4 55. Qd3+ Kh8 56. Qf5 Qb7 57. Rd6 Rxe5 58. dxe5 Qe7 59. Rxd5 Qh4 60. Ka2
Qg3 61. e6 Qe3 62. Re5 Qd2 63. e7 Qd6 64. Qxf4 Qc6 65. Qf8+ Kh7 66. Qf5+ Kh8 67.
Qg6 Qd7 68. Qf7 Qc6 69. Rf5 Qd7 70. Qxe8+ 1-0

[Event "Portugal Open 2018"]
[Site "Lisboa POR"]
[Date "2018.02.03"]
[Round "2.52"]
[White "Cavaleiro, Daniel"]
[Black "Risting, Eivind Olav"]
[Result "0-1"]
[WhiteElo "2010"]
[BlackElo "2308"]
[WhiteFideId "1904663"]
[BlackFideId "1517333"]
[BlackTitle "FM"]
[WhiteCountry "POR"]
[BlackCountry "NOR"]
[PlyCount "54"]
[EventDate "2018.??.??"]

1. d4 Nf6 2. c4 c5 3. d5 b5 4. cxb5 a6 5. b6 e6 6. Nc3 Nxd5 7. Nxd5 exd5 8. Qxd5
Nc6 9. Bd2 Be7 10. Bc3 O-O 11. Nf3 Qxb6 12. e3 d6 13. Bc4 Be6 14. Qe4 Bxc4 15.
Qxc4 Qb5 16. Qg4 g6 17. a4 Qb3 18. O-O Qe6 19. Qf4 f6 20. e4 Ne5 21. Nxe5 dxe5
22. Qe3 Rad8 23. f4 exf4 24. Rxf4 c4 25. Bd4 Bd6 26. Rf3 Bc7 27. Kh1 Qd6 0-1

[Event "Portugal Open 2018"]
[Site "Lisboa POR"]
[Date "2018.02.03"]
[Round "2.53"]
[White "Terryn, Ezra"]
[Black "Injac, Teodora"]
[Result "1-0"]
[WhiteElo "1993"]
[BlackElo "2302"]
[WhiteFideId "233196"]
[BlackFideId "932400"]
[BlackTitle "WIM"]
[WhiteCountry "BEL"]
[BlackCountry "SRB"]
[PlyCount "83"]
[EventDate "2018.??.??"]

1. e4 e6 2. d4 d5 3. Nc3 Be7 4. Bd3 Nf6 5. e5 Nfd7 6. Qg4 Kf8 7. Nf3 c5 8. dxc5
Nc6 9. Bf4 Nxc5 10. O-O h6 11. h4 Qb6 12. Rab1 Bd7 13. b4 Nxd3 14. cxd3 Nd4 15.
Rfc1 Nxf3+ 16. Qxf3 g5 17. Bd2 Qd4 18. Ne2 Qxh4 19. Rc7 g4 20. Qe3 Rd8 21. Rxb7
Bc6 22. Rc7 d4 23. Qf4 Bd5 24. b5 Qh5 25. Ng3 Qg6 26. Ba5 Re8 27. Qxd4 Kg7 28.
Rxa7 h5 29. Ne4 Bxa2 30. Rc1 Bd5 31. Rcc7 g3 32. Rxe7 Rxe7 33. Rxe7 Ra8 34. Ra7
gxf2+ 35. Qxf2 Bxe4 36. dxe4 Rxa7 37. Qxa7 Qxe4 38. Qc5 h4 39. b6 Qg6 40. Qe3
Qb1+ 41. Kh2 Qb5 42. Qe1 1-0